Newton Faulkner - Songs by Album - Statistics

General Stats
  • This quiz has been taken 5 times
  • The average score is 70 of 133
Answer Stats
Hand Built By Robots Answer % Correct
#2 | #4 Clouds
100%
#15 | #5 Dream Catch Me
100%
#15 (Bonus) Dream Catch Me (acoustic)
100%
#19 (Bonus) Dream Catch Me (Instrumental)
100%
#2 Hit the Ground Running
100%
#4 | #8 Passing Planes
100%
#12 People Should Smile More
100%
#9 Sitar-y Thing
100%
#12 | #7 Teardrop
100%
#18 | #2 Up Up and Away
100%
#7 Write It on Your Skin
100%
#1 Write it on Your Skin
100%
#16 (Bonus) Write it on Your Skin (acoustic)
100%
#3 All She Needs
67%
#4 Been Here Before
67%
#3 | #5 Brick by Brick
67%
#14 (Bonus) Brick by Brick (acoustic)
67%
#24 City of Stars
67%
#7 Far to Fall
67%
#15 (Bonus) Far to Fall (acoustic)
67%
#3 | #5 Finger Tips
67%
#1 Get Free
67%
#12 (Bonus) Get Free (acoustic)
67%
#9 Gone
67%
#14 (Bonus) Gone (acoustic)
67%
#6 Guitar-y Thing
67%
#11 Human Love
67%
#13 (Bonus) Human Love (acoustic)
67%
#21 IDGAF
67%
#14 | #5 If This is It
67%
#23 I'll Be There
67%
#13 | #4 Indecisive
67%
#3 | #6 I Need Something
67%
#12 (Bonus) I Need Something (acoustic)
67%
#1 Intro
67%
#1 Intro (Interlude)
67%
#19 Million Reasons
67%
#11 Never Alone
67%
#28 Payphone
67%
#20 Send Me on My Way
67%
#1 Smoked Ice Cream
67%
#2 Soon
67%
#30 Spongebob Squarepants
67%
#3 Step in the Right Direction
67%
#16 (Bonus) Step in the Right Direction (acoustic)
67%
#2 To the Light
67%
#14 U.F.O.
67%
#9 Against the Grain
33%
#13 (Bonus) Against the Grain (acoustic)
33%
#16 Ageing Superhero
33%
#4 All I Got
33%
#8 Alright
33%
#7 At the Seams
33%
#2 Badman
33%
#8 Been Thinking About It
33%
#31 Bohemian Rhapsody
33%
#6 Break
33%
#8 Can I Be Enough
33%
#16 (Bonus) Can't Give It Away
33%
#13 Carry You
33%
#15 Cheltenham (Interlude)
33%
#4 Don't Leave Me Waiting
33%
#9 Don't Make Me Go There
33%
#14 Don't Understand
33%
#15 Face (Her)
33%
#6 Feels Like Home
33%
#13 First Time
33%
#29 Foundations
33%
#18 (Bonus) Full Fat
33%
#8 Gone in the Morning
33%
#4 Hello (Interlude)
33%
#18 (iTunes Bonus) He Was a Professional
33%
#18 I'm Not Giving Up Yet
33%
#8 In My Head
33%
#12 Innocent
33%
#8 In the Morning
33%
#16 | #3 I Took it Out on You
33%
#5 Just Outside
33%
#15 (Bonus) Keep Trying
33%
#10 Lay Down
33%
#9 Let's Get Together
33%
#7 Lipstick Jungle
33%
#6 Long Shot
33%
#6 Losing Ground
33%
#17 Lullaby
33%
#22 May You Never
33%
#25 No Diggity
33%
#13 Orange Skies
33%
#14 Over and Out
33%
#5 Pick Up Your Broken Heart
33%
#3 Plastic Hearts
33%
#17 (Bonus) Plastic Hearts (instrumental version)
33%
#14 (Bonus) Possessed
33%
#1 Pulling Teeth
33%
#11 (Bonus) Pulling Teeth (acoustic)
33%
#26 Pure Imagination
33%
#6 Resin on My Heart Strings
33%
#12 Resin Theramins (Interlude)
33%
#10 | #17 Shadow Boxing
33%
#13 She's Got the Time
33%
#10 She;s Got the Time 2 (Interlude)
33%
#12 So Long
33%
#16 So Much
33%
#19 (Bonus) Soundwaves
33%
#5 Stay and Take (ft. Tessa Rose Jackson)
33%
#11 Straight Towards the Sun
33%
#10 Sugar in the Snow
33%
#10 Take What You Want
33%
#9 The Good Fight
33%
#7 There Is Still Time
33%
#10 This Kind of Love
33%
#17 This Town
33%
#2 Treading Water
33%
#10 Uncomfortably Slow
33%
#11 Waiting on You
33%
#1 Where to Start
33%
#7 Wish I Could Wake Up
33%
#11 Won't Let Go
33%
#27 You Spin Me
33%
No matching quizzes found
Score Distribution
Percent of People with Each Score
Percentile by Number Answered
Your Score History
You have not taken this quiz